Smallest With, Largest Without. - Statistics

General Stats
  • This quiz has been taken 48 times
  • The average score is 7 of 10
Answer Stats
Hint Continent Answer % Correct
Smallest country with a McDonalds Europe Monaco
90%
Largest country without an airport Europe Andorra
83%
Largest country without an active volcano South America Brazil
81%
Largest country without wild polar bears Asia China
79%
Smallest country with wild polar bears Europe Norway
76%
Smallest country with functional railroad Europe Vatican City
71%
Largest country without a McDonalds Africa Algeria
69%
Smallest country with an airport Asia Maldives
69%
Smallest country with an active volcano North America Saint Kitts & Nevis
67%
Largest country without functional railroad Africa Libya
62%
No matching quizzes found
Score Distribution
Percent of People with Each Score
Percentile by Number Answered
Your Score History
You have not taken this quiz